000 00642nam a2200217 4500
003 OSt
005 20240704021259.0
006 a
008 240704b |||||||| |||| 00| 0 eng d
020 _a9780072826913
040 _aDWCL-Main lib.
_cOC
082 _2Eighth edition
_aCirc. 551 M787e 2008
100 _aMontgomery, Carla W.
245 _aEnvironmental geology /
250 _aEighth edition
260 _aN.Y. :
_bMcGraw-Hill,
_cc2008.
300 _axviii,
_b556 p. : col. ill. ;
_c27 cm.
504 _aIncludes bibliographical references and index.
650 _a1. Geology.
942 _2ddc
_n0
_cBK-CIRC
_eEighth edition
_kCirc.
999 _c1922
_d1922